000 00435nam a2200181Ia 4500
001 20744
005 20260306172828.0
008 260306t2017||||xx |||||||||||||| ||spa||
041 _aESP
082 _a343.8
_bA47B
100 _aAlva Matteucci, Mario
_eAUT
245 0 _aAplicación práctica del IGV e ISC
260 _c2017
300 _a550 páginas :
_c25 cm.
650 _aGEN
654 _aCDE
942 _cLIB
_dJUS
_fJUS
_2ddc
_n
999 _c20744
_d20744